000
00255nam a2200085Ia 4500
245
0
_a
Wars, guns, and votes : democracy in dangerous places
100
_a
COLLIER, Paul London, 2009
_9
79579
942
_c
BK
008
210817s9999 xx 000 0 und d
999
_c
277836
_d
277835